000
00251nam a2200097Ia 4500
001
752380
005
20250826164702.0
008
250824s9999 xx 000 0 und d
245
0
_a
ARŞİMET ZEKAİ OKULDA
_c
DURAN ÇETİN
260
_b
ATLIKARINCA YAYINLARI
999
_c
752380
_d
752380